[Event "2nd Summer Open"]
[Site "Savaria HUN"]
[Date "2002.07.27"]
[Round "3"]
[White "Tomasic,R"]
[Black "Kovacs,Ga2"]
[Result "0-1"]
[WhiteElo "2048"]
[BlackElo "2385"]

1.e4 c5 2.Nf3 e6 3.d4 cxd4 4.Nxd4 Nc6 5.Nb5 d6 6.c4 Nf6 7.N1c3 a6 8.Na3 Be7
9.Be2 O-O 10.O-O b6 11.Nc2 Bb7 12.f3 Qc7 13.Be3 Rac8 14.Qe1 Ne5 15.Rc1 Bd8
16.Qf2 Ned7 17.Rfd1 Qb8 18.Qg3 Ne5 19.Nd4 Re8 20.b3 Ng6 21.Qf2 Bc7 22.g3 Ne5
23.Bg5 Ned7 24.Bf1 h6 25.Be3 Ne5 26.Bg2 Kh8 27.Nde2 Ba8 28.Nf4 b5 29.cxb5 axb5
30.Qe2 Bc6 31.Nd3 Nxd3 32.Qxd3 b4 33.Ne2 Bb5 34.Qd2 e5 35.Rc2 Bb6 36.Rdc1 Rxc2
37.Rxc2 d5 38.Bxb6 Qxb6+ 39.Kh1 dxe4 40.Qxb4 exf3 41.Bxf3 Qf2 42.Bg2 Rd8
43.Ng1 Qxc2 44.Qxb5 e4 45.Qf5 Rd2  0-1

[Event "5th InfoScore Cup"]
[Site "Baden-Baden GER"]
[Date "2002.07.29"]
[Round "4"]
[White "Beikert,G"]
[Black "Farago,I"]
[Result "1/2-1/2"]
[WhiteElo "2436"]
[BlackElo "2502"]

1.e4 c5 2.Nf3 e6 3.d4 cxd4 4.Nxd4 Nc6 5.Nb5 d6 6.Bf4 e5 7.Be3 Nf6 8.Bg5 Be6
9.Nd2 Be7 10.Bxf6 Bxf6 11.Nc4 O-O 12.Qxd6 a6 13.Qxd8 Rfxd8 14.Nc3 Nb4 15.Ne3 Bg5
16.a3 Bxe3 17.axb4 Bd2+ 18.Ke2 Rac8 19.Rd1 Bc4+ 20.Kf3 Bxf1 21.Rhxf1 Bxc3
22.Rxd8+ Rxd8 23.bxc3 Rc8 24.Ke3 Rxc3+ 25.Kd2 Rc4 26.b5 axb5 27.Ra1 g6 28.Ra5 Rc5
29.Ra7 b6 30.Rd7 b4 31.Rd6 Rb5 32.Rd3 Rc5 33.Rd6 Rb5 34.Rd3 Kf8 35.Rb3 Ke7
36.Kd3 Kd6 37.c4 Ra5 38.Rxb4 Kc5 39.Rb3 f6 40.h4 Ra2 41.Rb5+ Kc6 42.Ke3 Ra3+
43.Ke2 Ra4 44.Kd3 Ra3+ 45.Ke2 Ra2+  1/2-1/2

[Event "2nd Summer Open"]
[Site "Savaria HUN"]
[Date "2002.07.29"]
[Round "5"]
[White "Konnyu,J"]
[Black "Rigo,Z"]
[Result "0-1"]
[WhiteElo "2224"]
[BlackElo "2368"]

1.e4 c5 2.Nf3 e6 3.d4 cxd4 4.Nxd4 Nc6 5.Nb5 d6 6.c4 Nf6 7.N1c3 a6 8.Na3 Be7
9.Be2 O-O 10.O-O b6 11.f4 Bb7 12.Bf3 Rc8 13.Qe1 Nd4 14.Be3 Nxf3+ 15.gxf3 Qc7
16.Na4 Nd7 17.b4 d5 18.cxd5 exd5 19.exd5 Bxd5 20.Rd1 Qc6 21.Nb2 Bf6 22.Nbc4 Rfe8
23.Rc1 Qe6 24.f5 Qxf5 25.Nd6 Rxc1 26.Qxc1 Qg6+ 27.Kh1 Re6 28.Bf4 Bb2 29.Qd2 Qh5
30.Qd3 Rf6 31.Bg3 Rxf3 32.Rxf3 Qxf3+  0-1

[Event "ch-IRI"]
[Site "Tehran IRI"]
[Date "2002.07.29"]
[Round "3"]
[White "Mahmoud,P"]
[Black "Sadeghi,M"]
[Result "0-1"]
[WhiteElo "2266"]
[BlackElo "2204"]

1.e4 c5 2.Nf3 e6 3.d4 cxd4 4.Nxd4 Nc6 5.Nb5 d6 6.c4 Nf6 7.N1c3 a6 8.Na3 b6
9.Be2 Bb7 10.O-O Ne5 11.f3 Qc7 12.Be3 Be7 13.Rc1 Ned7 14.Qd2 Rc8 15.Rfd1 h6
16.g4 g5 17.Qd4 h5 18.gxh5 Rxh5 19.Bf2 d5 20.Bg3 Qc5 21.exd5 Qxd4+ 22.Rxd4 Bc5
23.Bf2 Bxd4 24.Bxd4 exd5 25.Rd1 Rh6 26.cxd5 b5 27.Bxf6 Nxf6 28.Rd4 Rd8 29.Nab1 Nxd5
30.Nxd5 Rxd5 31.Rxd5 Bxd5 32.Nc3 Rd6 33.a4 b4 34.Nxd5 Rxd5 35.b3 a5 36.Kf2 Rd2  0-1

[Event "2nd Summer Open"]
[Site "Savaria HUN"]
[Date "2002.07.31"]
[Round "8"]
[White "Nemeth,Mi"]
[Black "Erdelyi,Z"]
[Result "1/2-1/2"]
[WhiteElo "2337"]
[BlackElo "2244"]

1.e4 c5 2.Nf3 e6 3.d4 cxd4 4.Nxd4 Nc6 5.Nb5 d6 6.Bf4 e5 7.Be3 Nf6 8.Bg5 a6
9.N5c3 Be6 10.Nd2 Rc8 11.Bc4 Nd4 12.Bxe6 fxe6 13.O-O Be7 14.Nb3 Rc4 15.Qd3 Qc8
16.Be3 Nxb3 17.cxb3 Rc6 18.b4 b5 19.a4 bxa4 20.Rxa4 O-O 21.Rfa1 Rc4 22.f3 Nh5
23.Qd2 Nf4 24.g3 Ng6 25.Rxa6 Rxb4 26.Nd5 Rb3 27.Nxe7+ Nxe7 28.Rxd6 Qb8 29.Rd1 Nd5
30.Bc5 Rxb2 31.Qe1 Qb5 32.R6xd5 exd5 33.Bxf8 Kxf8 34.exd5 Qc5+ 35.Kh1 Qc2
36.Qg1 Qe2 37.Qc5+  1/2-1/2

[Event "2nd Summer Open"]
[Site "Savaria HUN"]
[Date "2002.08.01"]
[Round "9"]
[White "Szarvas,Z"]
[Black "Csonka,A"]
[Result "0-1"]
[WhiteElo "2171"]
[BlackElo "2330"]

1.e4 c5 2.Nf3 e6 3.d4 cxd4 4.Nxd4 Nc6 5.Nb5 d6 6.c4 a6 7.N5c3 Nf6 8.Be2 Be7
9.O-O O-O 10.Be3 b6 11.Nd2 Bb7 12.Qb3 Nd7 13.Rac1 Na5 14.Qc2 Rc8 15.Rfd1 Qc7
16.b4 Nc6 17.Qb3 Nce5 18.f3 Rfd8 19.f4 Ng6 20.Nf3 Qb8 21.Nd4 Nf6 22.f5 exf5
23.exf5 Ne5 24.Bg5 Qa8 25.Bxf6 Bxf6 26.Nd5 Bxd5 27.cxd5 b5 28.Kf1 h6 29.Nc6 Re8
30.Bf3 Qb7 31.Nxe5 Bxe5 32.h3 Qa7 33.Rc6 Rxc6 34.dxc6 Bh2  0-1

[Event "ch-SLO"]
[Site "Dobrna SLO"]
[Date "2002.08.04"]
[Round "2"]
[White "Sorcnik,F"]
[Black "Srebrnic,M"]
[Result "0-1"]
[WhiteElo "2241"]
[BlackElo "2179"]

1.e4 c5 2.Nf3 e6 3.d4 cxd4 4.Nxd4 Nc6 5.Nb5 d6 6.c4 Be7 7.N1c3 a6 8.Na3 Nf6
9.Be2 O-O 10.O-O b6 11.Be3 Bb7 12.f3 Rc8 13.Qe1 Nd7 14.Rd1 Qc7 15.Qf2 Rfd8
16.Nab1 Bf6 17.Rd2 Ba8 18.Rfd1 Nc5 19.g4 g6 20.b3 Qb8 21.Qg3 Be5 22.Qh4 Rc7
23.f4 Bg7 24.Bf3 Rcd7 25.Qg3 Qc7 26.Qg2 Ne7 27.Qf2 f5 28.exf5 Bxf3 29.Qxf3 gxf5
30.g5 Nc6 31.Rg2 Qb7 32.h4 Ne7 33.Qe2 Ne4 34.Qc2 Rc8 35.Nxe4 fxe4 36.Bd4 Nf5
37.Bf2 d5 38.h5 d4 39.h6 d3 40.Qc1 Bd4 41.Bxd4 Rxd4 42.g6 e3 43.Nc3 hxg6
44.Rxg6+ Kh7 45.Rg4 Rg8  0-1

[Event "ch-SLO"]
[Site "Dobrna SLO"]
[Date "2002.08.05"]
[Round "3"]
[White "Kovac,B"]
[Black "Basagic,Z"]
[Result "1-0"]
[WhiteElo "2290"]
[BlackElo "2348"]

1.e4 c5 2.Nf3 e6 3.d4 cxd4 4.Nxd4 Nc6 5.Nb5 d6 6.c4 Nf6 7.N5c3 Be7 8.Be2 O-O
9.Be3 b6 10.O-O Bb7 11.Na3 Nb4 12.Bf3 Qc7 13.Rc1 Rac8 14.Qe2 Qb8 15.Rfd1 Nd7
16.g3 f5 17.Bg2 Qa8 18.Nab5 fxe4 19.Bh3 Ne5 20.Bxe6+ Kh8 21.Nd5 Nf3+ 22.Kg2 Bxd5
23.cxd5 Rxc1 24.Bxc1 Qe8 25.Nc3 Nd3 26.Nxe4 Nde5 27.h3 Qg6 28.Kh1 h5 29.Bf4 h4
30.b3 hxg3 31.fxg3 Bg5 32.Bxe5 Nxe5 33.Nxd6 Be7 34.Ne4 Qh6 35.Kg2 Rf3 36.Rf1 Rd3
37.Rf5 Re3 38.Qc2  1-0

[Event "Juventus"]
[Site "Bucharest ROM"]
[Date "2002.08.07"]
[Round "3"]
[White "Burnoiu,N1"]
[Black "Bondoc,D"]
[Result "1-0"]
[WhiteElo "2426"]
[BlackElo "2234"]

1.e4 c5 2.Nf3 e6 3.d4 cxd4 4.Nxd4 Nc6 5.Nb5 d6 6.Bf4 e5 7.Be3 h6 8.c4 Nf6
9.f3 Be7 10.N1c3 a6 11.Na3 Be6 12.Be2 O-O 13.O-O Nd7 14.Qd2 Re8 15.Rfd1 Bf8
16.Nd5 f5 17.exf5 Bxf5 18.Nb1 e4 19.f4 Kh8 20.Nbc3 Rb8 21.b4 Nf6 22.b5 Nxd5
23.Nxd5 Ne7 24.Bb6 Qd7 25.Ne3 Ng8 26.c5 Be6 27.cxd6 Nf6 28.Rac1 Qf7 29.Rc7 Qg6
30.Bc4 Bxc4 31.Nxc4 e3 32.Bxe3 Ne4 33.Qd3 Qh5 34.d7 Red8 35.Ne5 Nf6 36.Qb3 Kh7
37.Ba7 Ra8 38.Bb6 axb5 39.Rcc1 Ng4 40.Nxg4 Qxg4 41.Bxd8 Rxd8 42.Qxb5 g6 43.Qd5 h5
44.Qf7+ Kh6 45.Qf6 Bc5+ 46.Kh1 Rxd7 47.Rxd7  1-0

[Event "Juventus"]
[Site "Bucharest ROM"]
[Date "2002.08.15"]
[Round "10"]
[White "Grigore,N"]
[Black "Nita,L"]
[Result "1/2-1/2"]
[WhiteElo "2380"]
[BlackElo "2265"]

1.e4 c5 2.Nf3 Nc6 3.d4 cxd4 4.Nxd4 e6 5.Nb5 d6 6.c4 Nf6 7.N5c3 Be7 8.Be2 O-O
9.O-O Qa5 10.Be3 Rd8 11.Nd2 Rd7 12.Qb3 Qb4 13.Qc2 d5 14.a3 Qa5 15.exd5 exd5
16.cxd5 Nxd5 17.Nxd5 Qxd5 18.Bf3 Nd4 19.Bxd4 Qxd4 20.Nc4 Rc7 21.b3 Be6 22.Rfd1 Qf4
23.Bd5 Bg4 24.Re1 Rd8 25.Qe4 Qxe4 26.Bxe4 b5 27.Ne5 Bf6 28.Nxg4 Bxa1 29.Rxa1 Rc3
30.h4 Rxb3 31.h5 h6 32.Ne5 Rd4 33.f3 Kf8 34.Rc1 Rxe4 35.fxe4 Rxa3 36.Rc7 f6
37.Ng6+ Ke8 38.Rxg7 a5 39.Rb7 Rb3 40.e5 fxe5 41.Nxe5 a4 42.Ra7 a3 43.Ng4 b4
44.Nxh6 Rd3 45.Ng4 b3 46.Nf6+ Kf8 47.Nh7+ Ke8 48.Nf6+  1/2-1/2

[Event "Open"]
[Site "Nikea GRE"]
[Date "2002.08.21"]
[Round "3"]
[White "Sideris,T"]
[Black "Tassopoulos,M"]
[Result "0-1"]
[WhiteElo "2077"]
[BlackElo "2240"]

1.e4 c5 2.Nf3 e6 3.d4 cxd4 4.Nxd4 Nc6 5.Nb5 d6 6.c4 Nf6 7.N1c3 a6 8.Na3 Be7
9.Nc2 O-O 10.Be2 b6 11.O-O Bb7 12.Ne3 Rc8 13.f4 Qc7 14.g4 Na5 15.Bd3 d5 16.exd5 exd5
17.cxd5 Bc5 18.g5 Nxd5 19.Nxd5 Bxd5 20.Bxh7+ Kxh7 21.Qxd5 Nc4 22.Rf3 Nxe3
23.Bxe3 Bxe3+ 24.Rxe3 Qxf4 25.Rae1 Rc5 26.Qd3+ Kg8 27.Rg3 Rxg5 28.Rxg5 Qxg5+
29.Kh1 Rd8 30.Qe4 Qd5 31.Qxd5 Rxd5 32.Re2 Rg5 33.Re8+ Kh7 34.Ra8 a5 35.Rb8 Rg6
36.Rb7 Rf6 37.Kg2 Kg6  0-1

[Event "Open"]
[Site "Nikea GRE"]
[Date "2002.08.27"]
[Round "9"]
[White "Sideris,T"]
[Black "Georgiou,K"]
[Result "1-0"]
[WhiteElo "2077"]
[BlackElo "2144"]

1.e4 c5 2.Nf3 Nc6 3.d4 cxd4 4.Nxd4 e6 5.Nb5 d6 6.c4 Nf6 7.N1c3 a6 8.Na3 b6
9.Be3 Be7 10.Be2 Bb7 11.O-O O-O 12.Rc1 Nb8 13.Qc2 Nbd7 14.f4 Rc8 15.Bf3 Qc7
16.Qf2 Bd8 17.Rfd1 Qb8 18.g4 h6 19.h4 Nc5 20.Bxc5 Rxc5 21.b4 Rc8 22.g5 hxg5
23.hxg5 Nh7 24.Qh4 f5 25.Bh5 g6 26.Bxg6 Rc7 27.Rc2 Rg7 28.Rh2 Qc7 29.exf5 Rxf5
30.Bxf5 exf5 31.Nd5 Qf7 32.Rg2 Rg6 33.Rdd2 b5 34.Rh2 bxc4 35.Nxc4 Bxd5 36.Qxh7+ Qxh7
37.Rxh7 Bxc4 38.Rdh2 Bb6+ 39.Kg2 Rg7 40.R7h6 Bc7 41.g6 Kf8 42.R2h5 Be6 43.Rh8+ Rg8
44.Rxg8+ Kxg8 45.Rh7 Bb6 46.a4 Bd5+ 47.Kg3 Be4 48.Kh4 Be3 49.Kg5 d5 50.Rd7 Bd4
51.b5 axb5 52.axb5 Kf8 53.Kh6 Ke8 54.Rc7 Kd8 55.Rb7 Kc8 56.Re7 Bf6 57.Re6 Bd4
58.b6 Kb7 59.Rd6 Bb2 60.g7 Bxg7+ 61.Kxg7 d4 62.Kf6 d3 63.Ke5 d2 64.Rxd2 Kxb6
65.Rd6+ Kc7 66.Rf6 Kd7 67.Rxf5 Bxf5 68.Kxf5 Ke7  1-0

[Event "Open"]
[Site "Padron ESP"]
[Date "2002.08.29"]
[Round "8"]
[White "Espineira Gonzalez,D"]
[Black "Paredes Cordo,J"]
[Result "1-0"]
[WhiteElo "2194"]
[BlackElo "2243"]

1.e4 c5 2.Nf3 e6 3.d4 cxd4 4.Nxd4 Nc6 5.Nb5 d6 6.c4 Nf6 7.N1c3 a6 8.Na3 Be7
9.Be2 O-O 10.O-O b6 11.Be3 Bb7 12.Rc1 Ne5 13.f4 Ned7 14.Bf3 Qc7 15.Kh1 Rac8
16.b4 Qb8 17.Qd4 Rfd8 18.Rfe1 h6 19.Na4 e5 20.Qd3 Bc6 21.Nc3 exf4 22.Bxf4 Ne5
23.Qd4 b5 24.Nd5 Bxd5 25.cxd5 g5 26.Bxe5 dxe5 27.Qd2 Qd6 28.Rxc8 Rxc8 29.Nc2 Rc4
30.Ne3 Rd4 31.Qc1 Qxb4 32.Nc2 Qd2 33.Nxd4 Qxd4 34.Qc8+ Kg7 35.Qc7 Bb4 36.Rd1 Qf2
37.h3 Be1 38.Qxe5  1-0

[Event "ch-Arab"]
[Site "Casablanca MAR"]
[Date "2002.09.02"]
[Round "7"]
[White "Eid,Fa"]
[Black "Al Modiahki,M"]
[Result "0-1"]
[WhiteElo "2384"]
[BlackElo "2523"]

1.e4 c5 2.Nf3 e6 3.d4 cxd4 4.Nxd4 Nc6 5.Nb5 d6 6.Bf4 e5 7.Be3 a6 8.N5c3 Be6
9.Nd2 Nf6 10.Nc4 b5 11.Nb6 Rb8 12.Nbd5 Ng4 13.a4 b4 14.Nb1 Nxe3 15.Nxe3 Qc8
16.Nd2 Be7 17.Bd3 O-O 18.O-O g6 19.Nd5 Bd8 20.Nc4 Qd7 21.Nce3 Qa7 22.Kh1 Kh8
23.Rc1 Bg5 24.Rb1 a5 25.c3 bxc3 26.bxc3 Rxb1 27.Qxb1 Rb8 28.Bb5 Qc5 29.Qd3 Na7
30.c4 Nc6 31.h3 Nd4 32.Rb1 f5 33.f3 Kg7 34.Kh2 fxe4 35.fxe4 Rf8 36.Rf1 Rxf1
37.Qxf1 Qa3 38.Qe1 Qb2 39.Kh1 h5 40.Nf1 h4 41.Nc7 Bxh3 42.gxh3 Nf3 43.Ne6+ Kh6  0-1

[Event "ch-RUS"]
[Site "Krasnodar RUS"]
[Date "2002.09.03"]
[Round "8"]
[White "Grigoriants,S RUS"]
[Black "Tunik,G"]
[Result "1/2-1/2"]
[WhiteElo "2490"]
[BlackElo "2505"]

1.e4 c5 2.Nf3 e6 3.d4 cxd4 4.Nxd4 Nc6 5.Nb5 d6 6.c4 Nf6 7.N1c3 a6 8.Na3 Be7
9.Be2 b6 10.O-O Bb7 11.Be3 Nb8 12.f3 Nbd7 13.Qd2 Qc7 14.Rac1 Rc8 15.Rfd1  1/2-1/2

[Event "Poyntner Mem GM"]
[Site "St Poelten AUT"]
[Date "2002.09.09"]
[Round "5"]
[White "Hoelzl,F"]
[Black "Lau,R"]
[Result "1/2-1/2"]
[WhiteElo "2393"]
[BlackElo "2491"]

1.e4 c5 2.Nf3 e6 3.d4 cxd4 4.Nxd4 Nc6 5.Nb5 d6 6.Bf4 e5 7.Be3 Nf6 8.Bg5 Be6
9.Bxf6 gxf6 10.Nd2 a6 11.Nc3 Rc8 12.Bc4 Nd4 13.Bxe6 fxe6 14.Nb3 Qb6 15.O-O h5
16.Qd3 Be7 17.Qe3 Rc6 18.Qh3 Kf7 19.Nxd4 Qxd4 20.Kh1 b5 21.a3 a5 22.Rad1 Qc4
23.Rd3 b4 24.axb4 axb4 25.Nd5 exd5 26.exd5 Ra6 27.Qe6+ Ke8 28.h3 Ra8 29.Qf5 Qxc2
30.f4 Kd8 31.Qg6 h4 32.fxe5 fxe5 33.Kh2 Ra2 34.Rf6 Re8 35.Rxd6+ Bxd6 36.Qxd6+ Kc8
37.Rc3+ bxc3 38.Qc6+ Kd8 39.Qd6+  1/2-1/2

[Event "Autumn Cup"]
[Site "Bucharest ROM"]
[Date "2002.09.28"]
[Round "4"]
[White "Grigore,N"]
[Black "Nita,L"]
[Result "1-0"]
[WhiteElo "2380"]
[BlackElo "2265"]

1.e4 c5 2.Nf3 e6 3.d4 cxd4 4.Nxd4 Nc6 5.Nb5 d6 6.c4 Nf6 7.N1c3 a6 8.Na3 Be7
9.Be2 b6 10.O-O Ne5 11.f4 Ned7 12.Bf3 Bb7 13.g4 O-O 14.g5 Ne8 15.Bg2 Nc7
16.Be3 Re8 17.Qh5 d5 18.exd5 exd5 19.Nc2 b5 20.Rad1 bxc4 21.Nxd5 Nxd5 22.Bxd5 Bxd5
23.Rxd5 Qc7 24.f5 Qc6 25.Qf3 f6 26.Nd4 Qb7 27.g6 hxg6 28.fxg6 Ne5 29.Qh3 Nxg6
30.Qe6+ Kf8 31.Rd7 Qb8 32.Rxf6+  1-0

[Event "Autumn Cup"]
[Site "Bucharest ROM"]
[Date "2002.10.02"]
[Round "8"]
[White "Bernard,Ja"]
[Black "Nita,L"]
[Result "0-1"]
[WhiteElo "2231"]
[BlackElo "2265"]

1.e4 c5 2.Nf3 Nc6 3.d4 cxd4 4.Nxd4 e6 5.Nb5 d6 6.Bf4 e5 7.Be3 a6 8.N5c3 Nf6
9.Bg5 Be7 10.Bxf6 Bxf6 11.Nd5 Bg5 12.a4 O-O 13.Nbc3 Be6 14.Be2 Nd4 15.O-O Rc8
16.Bd3 g6 17.Kh1 Bh6 18.Ra3 Qg5 19.a5 Kh8 20.Nb6 Rcd8 21.Ncd5 f5 22.c3 Nc6
23.Nc7 Bg8 24.Bc4 Qe7 25.Ncd5 Qh4 26.Nc7 Bxc4 27.Nxc4 d5 28.Nxd5 fxe4 29.g3 Qh3
30.Ncb6 Be3 31.Qe2 Bxb6 32.Nxb6 Rd2 33.Qe1 e3 34.Ra1 Rfxf2 35.Rxf2 Rxf2 36.Qg1 Qh5  0-1

[Event "6th Itau Cup"]
[Site "Sao Paulo BRA"]
[Date "2002.10.02"]
[Round "6"]
[White "Da Mata,L"]
[Black "Valiente,C"]
[Result "1/2-1/2"]
[WhiteElo "2125"]
[BlackElo "2330"]

1.e4 c5 2.Nf3 Nc6 3.d4 cxd4 4.Nxd4 e6 5.Nb5 d6 6.c4 Nf6 7.N1c3 a6 8.Na3 Be7
9.Be2 O-O 10.O-O b6 11.Be3 Bb7 12.Rc1 Re8 13.Qd2 Ne5 14.f3 Qc7 15.Kh1 Rac8
16.f4 Ned7 17.Bf3 Qb8 18.Bg1 Red8 19.Qe2 Bf8 20.Nab1 Bc6 21.Na3 Bb7 22.Nab1 Bc6  1/2-1/2

[Event "Olympiad"]
[Site "Bled SLO"]
[Date "2002.11.01"]
[Round "7"]
[White "Byambaa,Z"]
[Black "Rayner,F"]
[Result "1-0"]
[WhiteElo "2279"]
[BlackElo "2219"]

1.e4 c5 2.Nf3 e6 3.d4 cxd4 4.Nxd4 Nc6 5.Nb5 d6 6.Bf4 e5 7.Be3 Be6 8.N1c3 a6
9.Na3 Nf6 10.Nc4 b5 11.Nb6 Rb8 12.Nbd5 Be7 13.f3 O-O 14.Qd2 Ne8 15.Be2 b4
16.Na4 Nc7 17.c3 bxc3 18.bxc3 Nb5 19.Nab6 h6 20.a4 Nc7 21.Nc4 Ne8 22.O-O Bg5
23.Rfb1 Bxe3+ 24.Ncxe3 Rxb1+ 25.Rxb1 Qa5 26.Rb6 Nd4 27.Rxa6 Nxe2+ 28.Qxe2 Qc5
29.Qb5 Qa3 30.Ra8 Qc1+ 31.Qf1 Qa3 32.h3 Bd7 33.Kh2 Qb3 34.Qc4 Qb7 35.Rd8 Qa7
36.a5 Be6 37.Qb4 f6 38.Qb6 Qf7 39.a6 f5 40.a7 fxe4 41.fxe4 Bxh3 42.gxh3 Qf3
43.a8=Q Qe2+ 44.Ng2  1-0

[Event "Olympiad w"]
[Site "Bled SLO"]
[Date "2002.11.05"]
[Round "10"]
[White "Popova,N"]
[Black "Sheldon,R"]
[Result "1-0"]
[WhiteElo "2247"]
[BlackElo "2288"]

1.e4 c5 2.Nf3 e6 3.d4 cxd4 4.Nxd4 Nc6 5.Nb5 d6 6.c4 Nf6 7.N1c3 a6 8.Na3 b6
9.Be2 Bb7 10.O-O Nb8 11.f3 Nbd7 12.Be3 Be7 13.Qd2 O-O 14.Rac1 Qc7 15.Nc2 Rac8
16.Nd4 Qb8 17.a3 Rfe8 18.Kh1 Ne5 19.Na4 Ba8 20.b4 Bd8 21.Bg1 Bc7 22.Rc2 Bb7
23.Rfc1 d5 24.exd5 exd5 25.c5 b5 26.Nb2 Nc6 27.Nd3 h6 28.Ra1 Nh5 29.Nf5 Nf4
30.Re1 Nxd3 31.Bxd3 Bf4 32.Qc3 Be5 33.Qb3 Re6 34.Rce2 Rce8 35.Bb1 Qd8 36.Qd3 Qf6
37.Nd6 Bxd6 38.Qh7+ Kf8 39.cxd6 g5 40.Rxe6 Rxe6 41.Rxe6  1-0

[Event "Olympiad w"]
[Site "Bled SLO"]
[Date "2002.11.10"]
[Round "14"]
[White "Ankerst,Mil"]
[Black "Hernandez,Ya"]
[Result "0-1"]
[WhiteElo "2140"]
[BlackElo "2234"]

1.e4 c5 2.Nf3 e6 3.d4 cxd4 4.Nxd4 Nc6 5.Nb5 d6 6.Bf4 e5 7.Be3 a6 8.N5c3 Nf6
9.Bg5 Be7 10.Bxf6 Bxf6 11.Bc4 O-O 12.Nd2 Be6 13.Nd5 b5 14.Bb3 Nd4 15.c3 Nxb3
16.Nxb3 Bg5 17.O-O f5 18.Qd3 fxe4 19.Qxe4 Rc8 20.Rad1 Bf5 21.Qe2 Rc4 22.Nd2 Rh4
23.f3 Bc2 24.Rde1 Bg6 25.Ne4 Bf7 26.Rd1 Rh6 27.a4 Qa8 28.axb5 Bxd5 29.Nxg5 axb5
30.Qxb5 Bc6 31.Qb3+ d5 32.Qc2 Qd8 33.Qd2 Rg6 34.Ne4 Qb6+ 35.Qf2 Bb5 36.Rxd5 Rxf3
37.Rd8+ Qxd8 38.Qxf3 Bxf1 39.Qxf1 Qd5 40.Qe2 h5 41.h3 h4 42.b4 Rc6 43.Nc5 Rd6
44.Ne4 Rd8 45.Qg4 Qd1+ 46.Qxd1 Rxd1+ 47.Kf2 Rb1 48.g3 hxg3+ 49.Kxg3 Kf7 50.b5 Ke6
51.c4 Rc1 52.Ng5+ Kd7 53.Nf7 e4 54.Ng5 Rg1+ 55.Kf4 Rxg5 56.Kxe4 Kd6 57.Kd4 Rh5  0-1

[Event "Tch-SWE 2002-3"]
[Site "Sweden SWE"]
[Date "2002.11.16"]
[Round "4"]
[White "Kulaots,K"]
[Black "Lindberg,Be"]
[Result "1/2-1/2"]
[WhiteElo "2513"]
[BlackElo "2382"]

1.e4 c5 2.Nf3 e6 3.d4 cxd4 4.Nxd4 Nc6 5.Nb5 d6 6.Bf4 e5 7.Be3 a6 8.N5c3 Nf6
9.Bg5 Be7 10.Bxf6 Bxf6 11.Nd2 O-O 12.Nc4 b5 13.Qxd6 bxc4 14.Qxc6 Be6 15.Be2 Rc8
16.Qxa6 Ra8 17.Qc6 Rc8 18.Qa6 Ra8 19.Qc6 Rc8 20.Qa6  1/2-1/2

[Event "ch-ISR"]
[Site "Tel Aviv ISR"]
[Date "2002.12.03"]
[Round "9"]
[White "Bar,R"]
[Black "Gershon,A"]
[Result "1-0"]
[WhiteElo "2413"]
[BlackElo "2562"]

1.e4 c5 2.Nf3 e6 3.d4 cxd4 4.Nxd4 Nc6 5.Nb5 d6 6.c4 Nf6 7.N5c3 a6 8.Na3 Be7
9.Be2 O-O 10.O-O b6 11.Be3 Ne5 12.f3 Ned7 13.Qd2 Bb7 14.Rfd1 Qc7 15.Rac1 Rac8
16.Bf1 Rfe8 17.Qf2 Ba8 18.Kh1 Qb8 19.Nab1 Bd8 20.b4 Bc7 21.Qg1 Rcd8 22.a4 h6
23.Nd2 Ne5 24.a5 bxa5 25.b5 axb5 26.Nxb5 Nfd7 27.Rb1 Bb6 28.Bxb6 Qxb6 29.Qxb6 Nxb6
30.Nc7 Re7 31.Nxe6 fxe6 32.Rxb6 d5 33.cxd5 exd5 34.exd5 Bxd5 35.Nc4 Nxc4
36.Bxc4 Kh7 37.h4 Bxc4 38.Rxd8 a4 39.Ra8 Bb3 40.Rba6 Re1+ 41.Kh2 Re2 42.R8a7 Re3
43.Rd6 Re8 44.Rdd7 Rg8 45.h5 Kh8 46.g4 Bc2 47.Kg3 Kh7 48.Rdc7 Bd1 49.f4 Kh8
50.f5 a3 51.Rxa3 Rd8 52.Raa7 Rd4 53.Rxg7 Bxg4 54.Rh7+  1-0

[Event "TCh-BEL 2002-3"]
[Site "Belgium BEL"]
[Date "2002.12.23"]
[Round "5"]
[White "Bauduin,E"]
[Black "Balster,S"]
[Result "1-0"]
[WhiteElo "2281"]
[BlackElo "2347"]

1.e4 c5 2.Nf3 e6 3.d4 cxd4 4.Nxd4 Nc6 5.Nb5 d6 6.Bf4 e5 7.Be3 Be6 8.Nd2 Nf6
9.Bg5 a6 10.Bxf6 gxf6 11.Nc3 Ne7 12.Qf3 Bg7 13.Nc4 Rc8 14.Ne3 Qa5 15.Rd1 Qb4
16.Bd3 Qxb2 17.Ncd5 Nxd5 18.exd5 Qc3+ 19.Ke2 Bd7 20.Rb1 b5 21.a4 Rc5 22.axb5 Bxb5
23.Bxb5+ axb5 24.Rb3 Qa5 25.Rhb1 O-O 26.Rb4 Rfc8 27.Kf1 Kf8 28.g3 Ke8 29.Rg4 Bf8
30.Qxf6 Qd8 31.Qh8 Kd7 32.Rg8 Qe7 33.Qxh7 Qf6 34.Ra1 Bh6 35.Rxc8 Bxe3 36.Qh3+  1-0

[Event "ch-CZE"]
[Site "Lahucovice CZE"]
[Date "2003.02.21"]
[Round "4"]
[White "Berezjuk,S"]
[Black "Oral,T"]
[Result "1/2-1/2"]
[WhiteElo "2448"]
[BlackElo "2550"]

1.e4 c5 2.Nf3 e6 3.d4 cxd4 4.Nxd4 Nc6 5.Nb5 d6 6.c4 Nf6 7.N1c3 a6 8.Na3 Be7
9.Be3 b6 10.Be2 Bb7 11.Qb3 Nd7 12.O-O O-O  1/2-1/2

[Event "1st Breizh Masters"]
[Site "Guingamp FRA"]
[Date "2003.02.28"]
[Round "1"]
[White "Berthelot,Y"]
[Black "Gervasio,R"]
[Result "1-0"]
[WhiteElo "2311"]
[BlackElo "2332"]

1.e4 c5 2.Nf3 e6 3.d4 cxd4 4.Nxd4 Nc6 5.Nb5 d6 6.Bf4 e5 7.Be3 Nf6 8.Bg5 Be6
9.Bxf6 gxf6 10.Nd2 Rc8 11.Nc4 Nd4 12.Nxd4 Bxc4 13.Nf5 Qb6 14.Bxc4 Rxc4 15.Qe2 Qb4+
16.c3 Rxc3 17.O-O Qc4 18.Qg4 Rc2 19.Ne3 Qc8 20.Qh4 Rc6 21.Qxf6 Rg8 22.Nf5 Qd8
23.Qh4 Qg5 24.g3 h5 25.Rad1 Qg4 26.Qxg4 hxg4 27.Rd3 Rg6 28.Rfd1 Kd7 29.Kg2 Rc4
30.f3 Rf6 31.b3 Rc2+ 32.R1d2 gxf3+ 33.Kxf3 Rc6 34.h4 Bh6 35.Rd1 b5 36.g4 Bf4
37.g5 Rg6 38.Rd5 a6 39.R5d3 b4 40.Rd5 Bc1 41.Rxe5 f6 42.Re7+ Kd8 43.Re6 Rc3+
44.Kg4 Bf4 45.Rxf6  1-0

[Event "1st Breizh Masters"]
[Site "Guingamp FRA"]
[Date "2003.03.01"]
[Round "2"]
[White "Berthelot,Y"]
[Black "Parmentier,X"]
[Result "1/2-1/2"]
[WhiteElo "2311"]
[BlackElo "2339"]

1.e4 c5 2.Nf3 Nc6 3.d4 cxd4 4.Nxd4 e6 5.Nb5 d6 6.Bf4 e5 7.Be3 a6 8.N5c3 Nf6
9.Bc4 Be6 10.Nd5 Bxd5 11.Bxd5 Nxd5 12.Qxd5 Be7 13.O-O Rc8 14.c3 O-O 15.Nd2 Qa5
16.Qb3 b5 17.a4 Rb8 18.axb5 Qxb5 19.Qxb5 axb5 20.Ra6 Rfc8 21.Rfa1 h6 22.Kf1 Bg5
23.Bxg5 hxg5 24.Nf3 g4 25.Nh4 g6 26.g3 b4 27.Ng2 bxc3 28.bxc3 Rb3 29.Ne3 Rxc3
30.Rd1 Nd4 31.Rxd6 Ra8 32.Nxg4 Ra2 33.Nxe5 Rcc2 34.Nd3 Nf3 35.Kg2 Ng5 36.Rd4 Rd2
37.Rxd2 Rxd2 38.h4 Nxe4 39.Rxe4 Rxd3 40.g4 f6 41.Re7 Kf8 42.Ra7 Kg8 43.f3 Re3
44.Kg3 Rb3 45.Rd7 Ra3 46.Kf4 Ra4+ 47.Kg3 Rb4 48.h5 gxh5 49.gxh5 Rb5 50.h6 Rh5
51.Kg4 Rxh6 52.Kf5 Kf8 53.f4 Ke8 54.Ra7 Kf8 55.Rb7 Ke8 56.Ke6 f5+ 57.Kxf5 Kf8
58.Kg5 Ra6 59.f5 Rc6  1/2-1/2

[Event "36th Ladies GM"]
[Site "Belgrade YUG"]
[Date "2003.03.06"]
[Round "2"]
[White "Petrenko,S"]
[Black "Blimke,D"]
[Result "1/2-1/2"]
[WhiteElo "2348"]
[BlackElo "2231"]

1.e4 c5 2.Nf3 e6 3.d4 cxd4 4.Nxd4 Nc6 5.Nb5 d6 6.c4 a6 7.N5c3 Nf6 8.Be2 Be7
9.O-O Nb8 10.Kh1 Nbd7 11.f4 b6 12.Bf3 Bb7 13.Qe2 O-O 14.Be3 Qc7 15.Nd2 Rac8
16.g4 Rfd8 17.g5 Ne8 18.Bg2 Bf8 19.f5 g6 20.fxg6 fxg6 21.Qf2 Ng7 22.Bd4 Re8
23.Rae1 Bc6 24.Bf6 Ne5 25.Qh4 Bb7 26.Re3 Nh5 27.b3 Qc5 28.Nd1 b5 29.Rh3 bxc4
30.Bxe5 dxe5 31.Nxc4 Rc7 32.Nde3 Bg7 33.Bf3 Rf8 34.Bxh5 Rxf1+ 35.Nxf1 gxh5
36.Rf3 Rc8 37.Nfd2 Rf8 38.Qxh5 Rxf3 39.Qxf3 Qd4 40.Qg4 Kf7 41.Qh5+ Kf8 42.Qxh7 Qf2
43.Qh3 Qe1+ 44.Kg2 Qe2+ 45.Kg1 Bxe4 46.Qf1+ Qxf1+ 47.Kxf1 Bd3+ 48.Kf2 Kf7
49.Ke3 Bc2 50.Nf3 Kg6 51.h4 e4 52.Nd4 Bb1 53.a3 Ba2 54.Nd2 Kh5 55.Nxe6 Bb2
56.Nf4+ Kxh4 57.g6  1/2-1/2

[Event "1st Breizh Masters"]
[Site "Guingamp FRA"]
[Date "2003.03.08"]
[Round "9"]
[White "Michiels,B"]
[Black "Gervasio,R"]
[Result "1-0"]
[WhiteElo "2304"]
[BlackElo "2332"]

1.e4 c5 2.Nf3 e6 3.d4 cxd4 4.Nxd4 Nc6 5.Nb5 d6 6.c4 Nf6 7.N1c3 a6 8.Na3 d5
9.exd5 exd5 10.cxd5 Nb4 11.Be2 Bd6 12.O-O Bf5 13.Bg5 h6 14.Bh4 Rc8 15.Qd4 b5
16.Rad1 O-O 17.Bf3 Nc2 18.Nxc2 Bxc2 19.Bxf6 gxf6 20.Qg4+ Kh8 21.Be4 Bxe4
22.Nxe4 Be5 23.Qh5 Kh7 24.Rd3 Rg8 25.Qxf7+ Rg7 26.Qe6 Qg8 27.Qf5+ Kh8 28.g3 Qd8
29.Rd2 Rc4 30.b3 Rcc7 31.Rfd1 Rgd7 32.d6 Rc6 33.Qe6 b4 34.Rd5 Bb2 35.Nc5 Rxc5
36.Rxc5 Bd4 37.Qc4 Qb6 38.Rc8+ Rd8 39.Rxd8+ Qxd8 40.d7  1-0

[Event "Victor Ciocaltea Mem"]
[Site "Bucharest ROM"]
[Date "2003.03.09"]
[Round "6"]
[White "Burnoiu,N1"]
[Black "Furtuna,A"]
[Result "1-0"]
[WhiteElo "2414"]
[BlackElo "2415"]

1.e4 c5 2.Nf3 e6 3.d4 cxd4 4.Nxd4 Nc6 5.Nb5 d6 6.Bf4 e5 7.Be3 Nf6 8.Bg5 a6
9.Bxf6 gxf6 10.N5c3 Bg7 11.Nd2 Nd4 12.Nd5 Be6 13.c3 Nc6 14.Nc4 b5 15.Nce3 Ne7
16.a4 Nxd5 17.Nxd5 Rb8 18.Nb4 O-O 19.Nc6 Qb6 20.Nxb8 Rxb8 21.axb5 axb5 22.Bd3 Kh8
23.O-O b4 24.Ra6 Qc7 25.cxb4 Rxb4 26.Ra8+ Rb8 27.Qa4 Bf8 28.Ra1 Kg7 29.Rxb8 Qxb8
30.Qb5 Qc7 31.h3 Kg6 32.Qa5 Qc6 33.Qa8  1-0